Oceans

Detalles Bibliográficos
Autor Corporativo: Oceanic Society
Formato: Electrónico Revista
Lenguaje:inglés
Publicado: [San Francisco, etc.] Oceanic Society.
Materias:
Acceso en línea:Full text available from Research Library: 01/01/1988 to 03/31/1989

MARC

LEADER 00000nas a2200000 4500
001 ssj0012651
003 WaSeSS
005 20200512172242.0
006 m d
007 cr n
008 751101d19691989caubx p s 0 a0eng
010 |a  78004216   |z sn 91002324  
022 |l 0029-8174  |y 0029-8174 
030 |z OCMGA 
032 |a 402580  |b USPS 
035 |a (WaSeSS)ssj0012651 
040 |a DLC  |b eng  |c MUL  |d OCL  |d NSD  |d COO  |d DLC  |d NSD  |d OCL  |d AIP  |d NSD  |d AIP  |d UDI  |d NSD  |d HUL  |d NST  |d DLC  |d OCLCQ  |d AUM  |d NIALS  |d OCLCQ  |d OCLCF  |d OCLCO  |d GILDS  |d OCLCQ  |d WaSeSS 
042 |a nsdp  |a pcc 
050 0 0 |a GC1  |b .O34 
082 0 0 |a 551.4/6/05 
210 0 |a Oceans  |b (San Francisco) 
222 0 |a Oceans  |b (San Francisco) 
245 0 0 |a Oceans  |h [electronic resource]. 
246 1 3 |a Oceans magazine 
246 1 4 |a Oceans for people who love the sea  |f July/Aug. 1983-Nov./Dec. 1984 
260 |a [San Francisco, etc.]  |b Oceanic Society. 
310 |a 6 no. a year,  |b <Nov./Dec. 1975-> 
321 |a Monthly,  |b <Mar. 1968-> 
362 0 |a v. 1- Jan. 1969- 
362 1 |a Ceased with v. 22, no. 1, Mar./Apr. 1989. 
500 |a Official publication of the Oceanic Society. 
506 |a License restrictions may limit access. 
650 0 |a Oceanography  |v Periodicals. 
650 0 |a Marine biology  |v Periodicals. 
650 7 |a Marine biology.  |2 fast  |0 (OCoLC)fst01009447 
650 7 |a Oceanography.  |2 fast  |0 (OCoLC)fst01043671 
655 0 |a Electronic journals. 
710 2 |a Oceanic Society. 
850 |a C  |a CU-RivP  |a CU-S  |a CaNSH  |a CoU  |a CtNlC  |a DLC  |a IaAS  |a In  |a MH-CS  |a MnU  |a NNC  |a NcD  |a NcRS  |a NjR  |a RPB-S  |a ViBlbV  |a WU  |a Wm 
856 4 0 |z Full text available from Research Library: 01/01/1988 to 03/31/1989  |u https://search.proquest.com/publication/41373